000
00206nam a2200109Ia 4500
100
_a
#N/A
942
_c
BK
654
_a
role of ethics
245
_a
Ethics in Business
260
_b
#N/A
546
_a
ENGLISH
999
_c
34314
_d
34314